Vývoj objemu aktív dôchodkových fondov, dôchodkových jednotiek a analýza vzájomných vzťahov bakalárska práca

Na minha lista:
Detalhes bibliográficos
Autor principal: Janíková, Martina
Autor Corporativo: Fakulta podnikového manažmentu EU. Katedra podnikových financií
Outros Autores: Škriniar, Pavel, 1979-
Formato: Livro
Idioma:eslovaco
Publicado em: Bratislava 2011
Tags: Adicionar Tag
Sem tags, seja o primeiro a adicionar uma tag!

MARC

LEADER 00000nbm a2200000 4500
001 0131375
005 20161109111420.8
041 0 |a slo 
044 |a SK 
245 1 0 |a Vývoj objemu aktív dôchodkových fondov, dôchodkových jednotiek a analýza vzájomných vzťahov  |b bakalárska práca  |c Martina Janíková ; školiteľ: Pavel Škriniar 
264 1 |a Bratislava  |c 2011 
300 |a 31 s. 
100 1 |a Janíková, Martina 
700 1 |a Škriniar, Pavel, 1979- 
710 2 |a Fakulta podnikového manažmentu EU. Katedra podnikových financií